000 01157nam a2200289 i 4500
001 C2-0335308
003 PPAK
005 20180728134742.0
008 160104s2007 my a|||| ||||| | may d
020 _a9789833389254
040 _aPPAK
_beng
_cPPAK
_erda
082 0 4 _a306.409595
_223
090 0 0 _a306.409595
_bANI
_dK
090 0 0 _a306.409595
_bANI
_dRK
100 0 _aAnis Nadhirah,
_eauthor
245 1 0 _aWayang kulit & dondang sayang
264 1 _aPetaling Jaya, Selangor :
_bPenerbit Femina ,
_c2007
300 _a30 pages :
_bcolour photographs ;
_c27 cm
336 _2rdacontent
_atext
337 _2rdamedia
_aunmediated
338 _2rdacarrier
_avolume
490 1 _aKoleksi bacaan seni budaya
500 _aIncludes glossary ; Bibliography pages : 30520 \\
_aMalaysia merupakan sebuah negara yang kaya dengan khazanah seni budaya. Walaupun kebanyakan seni budaya ini mencorakkan kehidupan harian masyarakat pada suatu ketika dahulu, namun kini arus pemodenan seolah-olah menyelubungi keind
650 1 0 _aMalays social life and customs. ; Shadow puppets. ; Dondang sayang.
830 0 _aKoleksi bacaan seni budaya
942 _ddc
_cB
999 _c133498
_d133498